| 000 | 00710nam a2200205 a 4500 | ||
|---|---|---|---|
| 001 | BRCA_1204 | ||
| 005 | 20190320203327.0 | ||
| 008 | 941020s1993 mx-a---###---s000-0#spa-# | ||
| 020 | _a9688160326 | ||
| 040 |
_aDLC _cDLC _dDLC |
||
| 050 | 4 |
_aNA109 _b.G66 1993 |
|
| 100 | 1 |
_aGonzález Gamio, Angeles _93955 |
|
| 245 | 1 | 0 |
_aEl patrimonio rescatado _cAngeles González Gamio. |
| 260 |
_a[México] _bDepartamento del Distrito Federal _c1993 |
||
| 300 |
_a220 p. _bil. a color _c30 cm. |
||
| 650 | 1 | 4 |
_aArquitectura _xConservación y restauración _zMéxico _93956 |
| 650 | 1 | 4 |
_aEdificios _xRemodelación para otro uso _zMéxico _93957 |
| 651 | 4 |
_aCiudad de México _xEdificios, estructuras, etc. _91264 |
|
| 942 |
_2lcc _cB |
||
| 999 |
_c1077 _d1077 |
||